KOHA-Header-6

Essential Cell Biology (Record no. 2173)

000 -LEADER
fixed length control field 00298nam a2200121Ia 4500
008 - FIXED-LENGTH DATA ELEMENTS--GENERAL INFORMATION
fixed length control field 190802s9999 xx 000 0 und d
020 ## - INTERNATIONAL STANDARD BOOK NUMBER
International Standard Book Number 0-8153-3218-1
100 ## - MAIN ENTRY--PERSONAL NAME
Personal name Bruce Alberts
245 #0 - TITLE STATEMENT
Title Essential Cell Biology
260 ## - PUBLICATION, DISTRIBUTION, ETC. (IMPRINT)
Place of publication, distribution, etc New York
Name of publisher, distributor, etc Garland Science
Date of publication, distribution, etc 2014
300 ## - PHYSICAL DESCRIPTION
Extent 726:P
942 ## - ADDED ENTRY ELEMENTS (KOHA)
Koha item type Books
Holdings
Withdrawn status Lost status Damaged status Not for loan Collection code Permanent Location Current Location Shelving location Date acquired Total Checkouts Total Renewals Full call number Barcode Date last seen Date checked out Price effective from Koha item type
        Bio Sciences MAJU MAJU Shelf No.A37 2019-08-03 10 5 574.87 8796 2024-10-07 2024-09-28 2019-08-03 Bio Science

Powered by Koha